000 00991cam a22002655a 4500
001 933479
005 20180109143103.0
008 830509t1984 enka frb 001 0 eng d
020 _a0471902314
040 _aDLC
_cDLC
_dDLC
_dEG-ScBUE
_beng
043 _ad------
082 0 4 _a338.90091724
_222
_bCON
100 1 _aConyers, D.
245 1 3 _aAn introduction to development planning in the Third World /
_cDiana Conyers and Peter Hills.
260 _aChichester ;
_aNew York :
_bJohn Wiley & Sons,
_cc.1984.
300 _axv, 271 p. :
_bill. ;
_c24 cm.
490 0 _aA Wiley series on public administration in developing countries
504 _aIncludes bibliographical references and index.
650 7 _aEconomic development
_xPlanning.
_2BUEsh
650 7 _aEconomic development projects
_zDeveloping countries
_xPlanning.
_2BUEsh
651 7 _aDeveloping countries
_xEconomic policy.
_2BUEsh
653 _bGGEN
_bBUSECO
_cJanuary2018
700 1 _aHills, Peter
_q(Peter R.)
942 _2ddc
999 _c25920
_d25892